[Event "Sao Paulo CXSP Livraria 1st"]
[Site "Sao Paulo"]
[Date "2014.03.14"]
[Round "1.3"]
[White "Brujin, Homero"]
[Black "Segal, Alexandru Sorin"]
[Result "0-1"]
[WhiteElo "1530"]
[BlackElo "2116"]
[PlyCount "66"]
[EventDate "2014.03.14"]
[EventType "swiss"]
[EventRounds "5"]
[EventCountry "BRA"]
[SourceTitle "EXT 2022"]
[Source "ChessBase"]
[SourceDate "2021.10.06"]
[SourceVersion "1"]
[SourceVersionDate "2021.10.06"]
[SourceQuality "1"]

1. d4 Nf6 2. c4 c5 3. Nf3 cxd4 4. Nxd4 a6 5. Nc3 d5 6. e3 Nc6 7. Be2 e5 8. Nf3 d4 9. Nb1 d3 10. Bxd3 e4 11. Be2 Qxd1+ 12. Bxd1 exf3 13. Bxf3 Ne5 14. Be2 Be6 15. b3 Bb4+ 16. Bd2 Bxd2+ 17. Nxd2 0-0-0 18. Nf3 Nxf3+ 19. Bxf3 Bg4 20. e4 Bxf3 21. gxf3 Nh5 22. Rd1 Nf4 23. 0-0 Kc7 24. h4 h5 25. Kh2 Rxd1 26. Rxd1 Rd8 27. Rxd8 Kxd8 28. Kg3 Ne2+ 29. Kg2 Nc1 30. f4 Nxa2 31. f5 a5 32. f4 Nc1 33. e5 Nxb3 0-1

[Event "Ribeira Valley op 9th"]
[Site "Registro"]
[Date "2013.08.01"]
[Round "6"]
[White "Molina, Roberto Junio Brito"]
[Black "Segal, Alexandru Sorin"]
[Result "1-0"]
[WhiteElo "2431"]
[BlackElo "2134"]
[PlyCount "58"]
[EventDate "2013.07.30"]
[EventType "swiss"]
[EventRounds "9"]
[EventCountry "BRA"]
[SourceTitle "CBM 155 Extra"]
[Source "ChessBase"]
[SourceDate "2013.08.26"]
[SourceVersion "1"]
[SourceVersionDate "2013.08.26"]
[SourceQuality "1"]

1. e4 Nf6 2. e5 Nd5 3. c4 Nb6 4. d4 d6 5. exd6 exd6 6. Nc3 Be7 7. Be3 0-0 8. Bd3 Nc6 9. b3 Bf6 10. Nge2 Re8 11. 0-0 Bg4 12. Qd2 Bxe2 13. Nxe2 d5 14. c5 Nd7 15. b4 a6 16. a4 Ncb8 17. Nf4 c6 18. Nh5 Be7 19. b5 g6 20. Nf4 Nf6 21. f3 Bf8 22. Rae1 axb5 23. axb5 Bg7 24. h3 Nbd7 25. Bb1 Nf8 26. Nd3 N6d7 27. f4 f5 28. Ne5 Nf6 29. Bd3 N6d7 1-0

[Event "Recife Arraes Memorial 6th"]
[Site "Recife"]
[Date "2013.06.07"]
[Round "2"]
[White "Correia, Max do Carmo"]
[Black "Segal, Alexandru Sorin"]
[Result "0-1"]
[WhiteElo "1984"]
[BlackElo "2141"]
[PlyCount "58"]
[EventDate "2013.06.06"]
[EventType "swiss"]
[EventRounds "7"]
[EventCountry "BRA"]
[SourceTitle "EXT 2014"]
[Source "ChessBase"]
[SourceDate "2013.11.20"]
[SourceVersion "1"]
[SourceVersionDate "2013.11.20"]
[SourceQuality "1"]

1. e4 Nf6 2. e5 Nd5 3. d4 d6 4. Nf3 g6 5. c4 Nb6 6. exd6 cxd6 7. Bd3 Bg7 8. Be3 Nc6 9. Nbd2 0-0 10. Qb3 d5 11. c5 Nd7 12. 0-0 Nf6 13. Qc3 a5 14. Rfe1 Bf5 15. Bxf5 gxf5 16. Ne5 Ne4 17. Nxe4 fxe4 18. Nxc6 bxc6 19. Bf4 Kh8 20. Rad1 Qd7 21. Qe3 Rg8 22. Rd2 Qe6 23. Rc1 Qg6 24. g3 f6 25. Bc7 e5 26. dxe5 fxe5 27. Bd6 Rae8 28. Rcd1 Bh6 29. f4 Bxf4 0-1

[Event "BRA-ch Seniors"]
[Site "Joao Pessoa"]
[Date "2012.07.27"]
[Round "2"]
[White "Silveira Filho, Neri da Silva"]
[Black "Segal, Alexandru Sorin"]
[Result "1-0"]
[WhiteElo "2233"]
[BlackElo "2150"]
[PlyCount "96"]
[EventDate "2012.07.27"]
[EventType "swiss"]
[EventRounds "6"]
[EventCountry "BRA"]
[SourceTitle "EXT 2014"]
[Source "ChessBase"]
[SourceDate "2013.11.20"]
[SourceVersion "1"]
[SourceVersionDate "2013.11.20"]
[SourceQuality "1"]

1. d4 Nf6 2. Nc3 d5 3. Bg5 Nbd7 4. Nf3 c6 5. e3 Qb6 6. Rb1 e6 7. Bd3 Bb4 8. 0-0 Qc7 9. Ne2 Bd6 10. c4 dxc4 11. Bxc4 0-0 12. Qc2 h6 13. Bf4 Nd5 14. Bxd6 Qxd6 15. Ng3 Qe7 16. Ne5 N7b6 17. Bb3 Bd7 18. e4 Nf6 19. f4 Rad8 20. Rbd1 Bc8 21. f5 Qb4 22. a3 Qb5 23. fxe6 Bxe6 24. Bxe6 fxe6 25. b4 Nbd7 26. Ng6 Rfe8 27. Qb3 Qg5 28. Nf4 Nf8 29. e5 Nd5 30. Ne4 Qf5 31. Nd6 Rxd6 32. Nxd5 Qg5 33. Nc7 Rdd8 34. Rxf8+ Kxf8 35. Nxe6+ Rxe6 36. Qxe6 Qe3+ 37. Kh1 Rxd4 38. Rf1+ Rf4 39. Qc8+ Kf7 40. Rxf4+ Qxf4 41. Qxb7+ Kg8 42. Qxa7 Qc1+ 43. Qg1 Qxa3 44. Qe1 Kf7 45. h3 Ke7 46. Qh4+ Ke6 47. Qd4 Qc1+ 48. Kh2 Qe1 1-0

[Event "BRA-ch op"]
[Site "Manaus"]
[Date "2011.09.04"]
[Round "4"]
[White "Segal, Alexandru Sorin"]
[Black "Barbosa, Celio Oliveira"]
[Result "1-0"]
[WhiteElo "2145"]
[BlackElo "2078"]
[PlyCount "61"]
[EventDate "2011.09.03"]
[EventType "swiss"]
[EventRounds "9"]
[EventCountry "BRA"]
[SourceTitle "CBM 144 Extra"]
[Source "ChessBase"]
[SourceDate "2011.10.28"]
[SourceVersion "1"]
[SourceVersionDate "2011.10.28"]
[SourceQuality "1"]

1. e4 e5 2. Nf3 Nc6 3. Bb5 a6 4. Bxc6 dxc6 5. 0-0 Bd6 6. d4 Bg4 7. dxe5 Bxf3 8. Qxf3 Bxe5 9. Nc3 Qf6 10. Qxf6 Nxf6 11. Bg5 h6 12. Bxf6 Bxf6 13. e5 Be7 14. Rfd1 Rd8 15. Rxd8+ Kxd8 16. f4 Bc5+ 17. Kf1 Ke7 18. Ke2 Rd8 19. Ne4 Bb6 20. g3 Rd4 21. Kf3 c5 22. Re1 c4 23. Re2 Ba7 24. Rd2 b5 25. Rxd4 Bxd4 26. c3 Bb6 27. Nd2 Ke6 28. Ke4 g6 29. g4 Ke7 30. f5 g5 31. Nf3 1-0

[Event "BRA-ch op"]
[Site "Manaus"]
[Date "2011.09.03"]
[Round "2"]
[White "Segal, Alexandru Sorin"]
[Black "Gutierrez, Enrique Alberto Sot"]
[Result "1-0"]
[WhiteElo "2145"]
[BlackElo "1853"]
[PlyCount "109"]
[EventDate "2011.09.03"]
[EventType "swiss"]
[EventRounds "9"]
[EventCountry "BRA"]
[SourceTitle "CBM 144 Extra"]
[Source "ChessBase"]
[SourceDate "2011.10.28"]
[SourceVersion "1"]
[SourceVersionDate "2011.10.28"]
[SourceQuality "1"]

1. e4 e5 2. Nf3 Nc6 3. Nc3 Nf6 4. Bb5 Bc5 5. 0-0 d6 6. d4 exd4 7. Nxd4 Bg4 8. f3 Bd7 9. Be3 Nxd4 10. Bxd7+ Qxd7 11. Bxd4 Bxd4+ 12. Qxd4 0-0 13. Rad1 Rfe8 14. Rfe1 Qc6 15. Re2 a6 16. Red2 h6 17. Ne2 Re5 18. Nf4 Rae8 19. Nd3 Ra5 20. b3 Nd7 21. Nb4 Qb6 22. Qxb6 Nxb6 23. Kf2 Rc5 24. c4 Ra5 25. h3 f5 26. exf5 Rxf5 27. Nd5 Nxd5 28. cxd5 Rfe5 29. Rc1 R8e7 30. Rc4 Kf7 31. f4 Re4 32. Rxe4 Rxe4 33. Kf3 Re7 34. Rd4 a5 35. b4 axb4 36. Rxb4 c6 37. Rb6 Rc7 38. dxc6 bxc6 39. a4 Ke6 40. Ke4 d5+ 41. Kd4 Kd6 42. a5 Re7 43. f5 Re4+ 44. Kc3 Kc7 45. Ra6 Rc4+ 46. Kb3 Kb7 47. Rb6+ Kc7 48. Rb4 Rxb4+ 49. Kxb4 Kb7 50. g4 d4 51. h4 c5+ 52. Kc4 Ka6 53. g5 hxg5 54. hxg5 Kxa5 55. f6 1-0

[Event "BRA-ch Seniors 24th"]
[Site "Balneario Camboriu"]
[Date "2011.07.09"]
[Round "5"]
[White "Segal, Alexandru Sorin"]
[Black "Cunha e Silva, Carlos Alberto V"]
[Result "1-0"]
[WhiteElo "2147"]
[BlackElo "2064"]
[PlyCount "41"]
[EventDate "2011.07.07"]
[EventType "swiss"]
[EventRounds "7"]
[EventCountry "BRA"]
[SourceTitle "EXT 2019"]
[Source "ChessBase"]
[SourceDate "2018.10.10"]
[SourceVersion "1"]
[SourceVersionDate "2018.10.10"]
[SourceQuality "1"]

1. e4 c5 2. Nf3 d6 3. d4 cxd4 4. Qxd4 Nc6 5. Bb5 Bd7 6. Bxc6 Bxc6 7. Nc3 Nf6 8. Bg5 e5 9. Qd3 h6 10. Bxf6 Qxf6 11. Nd5 Qd8 12. 0-0-0 Bxd5 13. Qxd5 Qc7 14. Rd3 Be7 15. Rc3 Qb8 16. Qb5+ Kd8 17. Rd1 f6 18. Nh4 g5 19. Nf5 a6 20. Qb6+ Kd7 21. Nxe7 1-0

[Event "BRA-ch Seniors 24th"]
[Site "Balneario Camboriu"]
[Date "2011.07.07"]
[Round "2"]
[White "Segal, Alexandru Sorin"]
[Black "Trois, Francisco R Torres"]
[Result "0-1"]
[WhiteElo "2147"]
[BlackElo "2289"]
[PlyCount "60"]
[EventDate "2011.07.07"]
[EventType "swiss"]
[EventRounds "7"]
[EventCountry "BRA"]
[SourceTitle "EXT 2019"]
[Source "ChessBase"]
[SourceDate "2018.10.10"]
[SourceVersion "1"]
[SourceVersionDate "2018.10.10"]
[SourceQuality "1"]

1. e4 c5 2. Nf3 e6 3. b3 Nf6 4. e5 Nd5 5. Bb2 Nc6 6. g3 Be7 7. Bg2 f6 8. 0-0 0-0 9. Nc3 Nxc3 10. Bxc3 d5 11. exd6 Qxd6 12. d4 Rd8 13. dxc5 Qxc5 14. Qe1 e5 15. Qe3 Qxe3 16. fxe3 Bc5 17. Kf2 Bf5 18. Ne1 Rac8 19. Ke2 Bg4+ 20. Bf3 Bh3 21. Rf2 Rc7 22. Bxc6 Rxc6 23. Bd2 Bg4+ 24. Kf1 Bh3+ 25. Ke2 Rcd6 26. Bc1 Rd1 27. Nf3 e4 28. Ne1 Bg4+ 29. Kf1 Rxe1+ 30. Kg2 Rdd1 0-1

[Event "BRA-ch Seniors 24th"]
[Site "Balneario Camboriu"]
[Date "2011.07.07"]
[Round "1"]
[White "Zoratto, Dante Leonardo"]
[Black "Segal, Alexandru Sorin"]
[Result "0-1"]
[WhiteElo "1763"]
[BlackElo "2147"]
[PlyCount "100"]
[EventDate "2011.07.07"]
[EventType "swiss"]
[EventRounds "7"]
[EventCountry "BRA"]
[SourceTitle "EXT 2019"]
[Source "ChessBase"]
[SourceDate "2018.10.10"]
[SourceVersion "1"]
[SourceVersionDate "2018.10.10"]
[SourceQuality "1"]

1. d4 Nf6 2. Nf3 c5 3. e3 b6 4. g3 d5 5. Bb5+ Bd7 6. Bxd7+ Nbxd7 7. c3 e6 8. Qa4 Qc7 9. Ne5 Bd6 10. f4 0-0 11. Nd2 a6 12. Ndf3 Bxe5 13. dxe5 Ne4 14. Nd2 Nxd2 15. Bxd2 c4 16. b4 cxb3 17. Qxb3 Nc5 18. Qc2 b5 19. Ke2 Rfc8 20. Rac1 Ne4 21. Qd3 Qc4 22. Qxc4 Rxc4 23. Rc2 Rac8 24. Rhc1 Kf8 25. Be1 Ke7 26. Kd3 Kd7 27. g4 g5 28. h3 Nc5+ 29. Ke2 gxf4 30. exf4 Rxf4 31. Bg3 Re4+ 32. Kd2 Rc4 33. Be1 Ke8 34. Ke3 Re4+ 35. Kd2 Rxe5 36. Bh4 Re4 37. Bf2 Rc4 38. Bxc5 R8xc5 39. Re1 d4 40. Rec1 Rxc3 41. Rxc3 dxc3+ 42. Rxc3 Rxc3 43. Kxc3 Kd7 44. Kd4 Kd6 45. g5 a5 46. a3 e5+ 47. Ke4 Ke6 48. h4 a4 49. Kd3 Kd5 50. Ke3 b4 0-1

[Event "Capablanca Memorial op 25th"]
[Site "Fortaleza"]
[Date "2010.11.24"]
[Round "6.5"]
[White "Santos, Antonio Inacio Dos"]
[Black "Segal, Alexandru Sorin"]
[Result "1/2-1/2"]
[WhiteElo "2120"]
[BlackElo "2214"]
[PlyCount "124"]
[EventDate "2010.11.19"]
[EventType "swiss"]
[EventRounds "7"]
[EventCountry "BRA"]
[SourceTitle "EXT 2022"]
[Source "ChessBase"]
[SourceDate "2021.10.06"]
[SourceVersion "1"]
[SourceVersionDate "2021.10.06"]
[SourceQuality "1"]

1. Nf3 g6 2. c4 Bg7 3. Nc3 c5 4. e3 Nf6 5. d4 0-0 6. Be2 cxd4 7. Nxd4 Nc6 8. Nf3 d6 9. 0-0 Bd7 10. Bd2 Rc8 11. Rc1 Na5 12. b3 b6 13. Bd3 Nc6 14. Bb1 Bg4 15. h3 Bxf3 16. Qxf3 Ne5 17. Qe2 e6 18. Rfd1 Qe7 19. e4 Nc6 20. Be3 Rfd8 21. Qf3 Ne8 22. Nb5 Qb7 23. Qg3 Be5 24. f4 Bg7 25. Qf2 Qe7 26. Nc3 Nc7 27. Re1 Ne8 28. Nb5 Nc7 29. Nxc7 Qxc7 30. g4 Qe7 31. g5 Qf8 32. h4 f5 33. exf5 exf5 34. Qd2 Qf7 35. Rcd1 Rc7 36. Bf2 Re7 37. Rxe7 Nxe7 38. Bd3 Kh8 39. Be2 Nc8 40. Bf3 Ne7 41. Bd4 Bxd4+ 42. Qxd4+ Qg7 43. Kf2 Qxd4+ 44. Rxd4 Kg7 45. Ke3 Kf7 46. Kd2 Ke6 47. Bd5+ Kd7 48. b4 Nc6 49. Bxc6+ Kxc6 50. Rd5 a6 51. a4 Re8 52. b5+ axb5 53. axb5+ Kc7 54. Rd4 Kd7 55. Kc3 Re1 56. Rd3 Rh1 57. Rf3 Rxh4 58. Kd3 Rh1 59. Rf2 h6 60. gxh6 Rxh6 61. Rg2 Ke6 62. Kd4 Kd7 1/2-1/2

[Event "Capablanca Memorial op 25th"]
[Site "Fortaleza"]
[Date "2010.11.22"]
[Round "4.5"]
[White "Lima Neto, Pedro"]
[Black "Segal, Alexandru Sorin"]
[Result "1-0"]
[WhiteElo "2062"]
[BlackElo "2214"]
[PlyCount "71"]
[EventDate "2010.11.19"]
[EventType "swiss"]
[EventRounds "7"]
[EventCountry "BRA"]
[SourceTitle "EXT 2022"]
[Source "ChessBase"]
[SourceDate "2021.10.06"]
[SourceVersion "1"]
[SourceVersionDate "2021.10.06"]
[SourceQuality "1"]

1. e4 Nf6 2. e5 Nd5 3. d4 d6 4. Nf3 g6 5. Bc4 c6 6. 0-0 Bg7 7. h3 0-0 8. Re1 Bf5 9. Nbd2 Nb6 10. Bb3 d5 11. Nf1 a5 12. a4 Na6 13. Bd2 Nc4 14. Bxc4 dxc4 15. Ne3 Be4 16. Nxc4 Bxf3 17. Qxf3 Qxd4 18. Qe4 Qxe4 19. Rxe4 Nc5 20. Ree1 Rfd8 21. Bc3 Bh6 22. b3 Ne6 23. Bxa5 Rd5 24. Bc3 Rad8 25. a5 Nc7 26. Re2 Na6 27. g3 Rd1+ 28. Rxd1 Rxd1+ 29. Kg2 Bc1 30. Re1 Rxe1 31. Bxe1 Kf8 32. f4 g5 33. f5 h5 34. Kf3 Nc7 35. Bf2 Nd5 36. Bc5 1-0

[Event "BRA-ch sf"]
[Site "Sao Paulo"]
[Date "2010.11.02"]
[Round "6"]
[White "Bispo, Leonardo"]
[Black "Segal, Alexandru Sorin"]
[Result "1/2-1/2"]
[WhiteElo "2158"]
[BlackElo "2205"]
[PlyCount "117"]
[EventDate "2010.10.30"]
[EventType "swiss"]
[EventRounds "7"]
[EventCountry "BRA"]
[SourceTitle "EXT 2012"]
[Source "ChessBase"]
[SourceDate "2011.11.24"]
[SourceVersion "1"]
[SourceVersionDate "2011.11.24"]
[SourceQuality "1"]

1. d4 Nf6 2. c4 c5 3. Nf3 cxd4 4. Nxd4 a6 5. Nc3 d5 6. g3 e5 7. Nc2 d4 8. Nb1 Nc6 9. Bg2 Bf5 10. 0-0 Qd7 11. Bg5 Be7 12. Bxf6 Bxf6 13. e4 dxe3 14. Nxe3 Qxd1 15. Rxd1 Be6 16. Nc3 0-0 17. Ncd5 Bd8 18. b4 f5 19. f4 e4 20. a3 h5 21. Bf1 Kf7 22. c5 Bf6 23. Nxf6 Kxf6 24. Rd6 Rad8 25. Nd5+ Kf7 26. Nb6 Rxd6 27. cxd6 Rd8 28. Rd1 Bb3 29. Rd2 Ke6 30. d7 Nb8 31. b5 a5 32. Bc4+ Bxc4 33. Nxc4 Rxd7 34. Rxd7 Nxd7 35. Nxa5 b6 36. Nc6 Nc5 37. Kf2 Na4 38. Nd4+ Kf6 39. Ne2 Nb2 40. Nc3 Ke6 41. a4 Nc4 42. Ke2 Kd6 43. h3 Kc5 44. g4 Kd4 45. a5 Nxa5 46. Nd1 fxg4 47. hxg4 hxg4 48. Ne3 Nc4 49. Nxg4 Kd5 50. f5 Kd4 51. f6 gxf6 52. Nxf6 Nd6 53. Nd7 Nc4 54. Nf6 Ke5 55. Ng4+ Kd6 56. Nf6 e3 57. Ne4+ Kd5 58. Kd3 Na3 59. Nc3+ 1/2-1/2

[Event "BRA-ch sf"]
[Site "Sao Paulo"]
[Date "2010.10.31"]
[Round "5"]
[White "Umetsubo, Cesar Hidemitsu"]
[Black "Segal, Alexandru Sorin"]
[Result "1-0"]
[WhiteElo "2124"]
[BlackElo "2205"]
[PlyCount "79"]
[EventDate "2010.10.30"]
[EventType "swiss"]
[EventRounds "7"]
[EventCountry "BRA"]
[SourceTitle "EXT 2012"]
[Source "ChessBase"]
[SourceDate "2011.11.24"]
[SourceVersion "1"]
[SourceVersionDate "2011.11.24"]
[SourceQuality "1"]

1. d4 Nf6 2. Nf3 d5 3. e3 Bg4 4. c4 c6 5. Qb3 Qb6 6. Nc3 e6 7. Bd2 Nbd7 8. Be2 Be7 9. Na4 Qxb3 10. axb3 Ne4 11. Nc3 Nxd2 12. Nxd2 Bxe2 13. Kxe2 Bb4 14. Ra4 Bxc3 15. bxc3 Ke7 16. Rha1 a6 17. f3 Kd6 18. e4 Kc7 19. cxd5 exd5 20. c4 Rhe8 21. cxd5 Nb6 22. dxc6 Nxa4 23. cxb7 Nc3+ 24. Kd3 Kxb7 25. Kxc3 Rac8+ 26. Nc4 f6 27. d5 Red8 28. Kd4 Rc7 29. f4 Ka7 30. e5 fxe5+ 31. fxe5 Rf7 32. e6 Rf4+ 33. Ke5 Rf2 34. d6 Rxg2 35. d7 Re2+ 36. Kd6 Rf8 37. Ke7 Rb8 38. Rd1 Rb7 39. Kd6 Rb8 40. e7 1-0

[Event "Recife Arraes Memorial 3rd"]
[Site "Recife"]
[Date "2010.10.10"]
[Round "4.6"]
[White "Segal, Alexandru Sorin"]
[Black "Macedo, Maximo Valerio"]
[Result "1-0"]
[WhiteElo "2205"]
[BlackElo "2103"]
[PlyCount "69"]
[EventDate "2010.10.09"]
[EventType "swiss"]
[EventRounds "5"]
[EventCountry "BRA"]
[SourceTitle "EXT 2022"]
[Source "ChessBase"]
[SourceDate "2021.10.06"]
[SourceVersion "1"]
[SourceVersionDate "2021.10.06"]
[SourceQuality "1"]

1. d4 f5 2. Bg5 b6 3. e3 Bb7 4. Nf3 Nf6 5. Bxf6 exf6 6. Bd3 Qe7 7. 0-0 g6 8. Nbd2 Bg7 9. e4 fxe4 10. Bxe4 Bxe4 11. Nxe4 0-0 12. Re1 Qb4 13. Qd3 Nc6 14. a3 Qa5 15. d5 f5 16. Nc3 Nb8 17. Nd4 Qa6 18. Ndb5 Qc8 19. Qc4 c6 20. dxc6+ Kh8 21. c7 Nc6 22. Nd5 Ne5 23. Qh4 Qb7 24. Rad1 Qc6 25. Nbc3 Rae8 26. h3 Re6 27. f4 Nc4 28. Qd8 Nxb2 29. Ne7 Rxe7 30. Rxe7 Nxd1 31. Re8 Bd4+ 32. Kh2 Nxc3 33. Rxf8+ Kg7 34. Qe7+ Kh6 35. c8Q 1-0

[Event "Recife Arraes Memorial 3rd"]
[Site "Recife"]
[Date "2010.10.09"]
[Round "2.6"]
[White "Segal, Alexandru Sorin"]
[Black "Macedo, Alexandre Soares"]
[Result "1-0"]
[WhiteElo "2205"]
[BlackElo "2022"]
[PlyCount "109"]
[EventDate "2010.10.09"]
[EventType "swiss"]
[EventRounds "5"]
[EventCountry "BRA"]
[SourceTitle "EXT 2022"]
[Source "ChessBase"]
[SourceDate "2021.10.06"]
[SourceVersion "1"]
[SourceVersionDate "2021.10.06"]
[SourceQuality "1"]

1. d4 d5 2. Nf3 Nf6 3. Bf4 e6 4. e3 Bd6 5. Bg3 0-0 6. Bd3 b6 7. Qe2 c5 8. c3 Re8 9. Nbd2 Nc6 10. Bb5 Bb7 11. Ne5 Qc7 12. 0-0 a6 13. Bxc6 Bxc6 14. Rfc1 Nd7 15. Nxc6 Qxc6 16. e4 b5 17. Qf3 Rac8 18. exd5 exd5 19. dxc5 Bxg3 20. Qxg3 Re2 21. Qd3 Rce8 22. b4 Nf6 23. Nf3 Qc8 24. Re1 R2e4 25. h3 Qf5 26. Qd2 h6 27. Rxe4 Nxe4 28. Qd4 Nf6 29. Rd1 Re4 30. Qd3 Qe6 31. Kf1 Qf5 32. c6 Qf4 33. g3 Qf5 34. Kg2 Qc8 35. Nd4 Qc7 36. Qf3 a5 37. a3 Qb6 38. Qd3 axb4 39. axb4 Rxd4 40. Qxd4 Qxc6 41. g4 Qe6 42. Rd3 Qa6 43. Rf3 Qa2 44. Qf4 Qe2 45. Re3 Qb2 46. Qb8+ Kh7 47. Qxb5 Ne4 48. Rf3 Ng5 49. Qd3+ Kg8 50. Re3 Ne6 51. Qf5 d4 52. Rxe6 fxe6 53. Qxe6+ Kf8 54. Qd6+ Kf7 55. Qxd4 1-0

[Event "BRA-ch Seniors"]
[Site "Canoas"]
[Date "2010.07.11"]
[Round "6"]
[White "Segal, Alexandru Sorin"]
[Black "De Haro, Martim Alfonso"]
[Result "1-0"]
[WhiteElo "2209"]
[BlackElo "2086"]
[PlyCount "95"]
[EventDate "2010.07.09"]
[EventType "swiss"]
[EventRounds "7"]
[EventCountry "BRA"]
[SourceTitle "EXT 2011"]
[Source "ChessBase"]
[SourceDate "2010.11.26"]
[SourceVersion "1"]
[SourceVersionDate "2010.11.26"]
[SourceQuality "1"]

1. d4 Nf6 2. c4 e5 3. dxe5 Ne4 4. a3 b6 5. Nf3 Bb7 6. Nbd2 a5 7. Qc2 Nc5 8. e3 a4 9. Be2 g6 10. 0-0 Bg7 11. Nd4 Bxe5 12. Bf3 Bxf3 13. N2xf3 Bg7 14. Bd2 0-0 15. Bc3 Re8 16. Ne2 Nc6 17. Rad1 Qe7 18. Bxg7 Kxg7 19. Nc3 f6 20. h3 Ne5 21. Nxe5 fxe5 22. Ne4 Nxe4 23. Qxe4 c6 24. Rd2 Ra7 25. Rfd1 Kf7 26. Rd6 Rc8 27. h4 Rg8 28. g3 Ke8 29. R1d2 Rf8 30. h5 Rf6 31. Rxf6 Qxf6 32. hxg6 hxg6 33. Qg4 Ke7 34. Qh3 Kd8 35. Qh7 Qe6 36. Qg7 Kc7 37. Qf8 Ra5 38. Qb4 Ra8 39. c5 bxc5 40. Qxc5 d6 41. Qb4 d5 42. Rc2 Qd6 43. Qh4 Ra6 44. Kg2 Ra8 45. Kf1 Kd7 46. Rd2 Qe6 47. Qb4 Kc7 48. Qh4 1-0

[Event "BRA-ch Seniors"]
[Site "Canoas"]
[Date "2010.07.10"]
[Round "4"]
[White "Baeta, Marcio Netto"]
[Black "Segal, Alexandru Sorin"]
[Result "1/2-1/2"]
[WhiteElo "2227"]
[BlackElo "2209"]
[PlyCount "28"]
[EventDate "2010.07.09"]
[EventType "swiss"]
[EventRounds "7"]
[EventCountry "BRA"]
[SourceTitle "EXT 2011"]
[Source "ChessBase"]
[SourceDate "2010.11.26"]
[SourceVersion "1"]
[SourceVersionDate "2010.11.26"]
[SourceQuality "1"]

1. e4 Nf6 2. e5 Nd5 3. c4 Nb6 4. c5 Nd5 5. Nc3 e6 6. Bc4 Nxc3 7. dxc3 Nc6 8. Qh5 Bxc5 9. Bg5 Be7 10. Bf4 g6 11. Qe2 b6 12. Nf3 Bb7 13. 0-0-0 g5 14. Bg3 h5 1/2-1/2

[Event "Capablanca Memorial op 24th"]
[Site "Fortaleza"]
[Date "2009.11.23"]
[Round "5"]
[White "Brito, Luismar Jorge"]
[Black "Segal, Alexandru Sorin"]
[Result "1/2-1/2"]
[WhiteElo "2300"]
[BlackElo "2200"]
[PlyCount "31"]
[EventDate "2009.11.19"]
[EventType "swiss"]
[EventRounds "7"]
[EventCountry "BRA"]
[SourceTitle "EXT 2022"]
[Source "ChessBase"]
[SourceDate "2021.10.06"]
[SourceVersion "1"]
[SourceVersionDate "2021.10.06"]
[SourceQuality "1"]

1. e4 c6 2. d4 d5 3. Nd2 dxe4 4. Nxe4 Nf6 5. Nxf6+ exf6 6. Nf3 Bd6 7. Bd3 0-0 8. 0-0 Bg4 9. h3 Bh5 10. Re1 Nd7 11. g4 Bg6 12. Nh4 Qc7 13. Nf5 Rfe8 14. Be3 Nf8 15. Qf3 Ne6 16. c3 1/2-1/2

[Event "BRA-ch Seniors 22nd"]
[Site "Penha"]
[Date "2009.08.08"]
[Round "6"]
[White "Segal, Alexandru Sorin"]
[Black "Becker Filho, Zeno Antonio"]
[Result "1-0"]
[WhiteElo "2210"]
[BlackElo "1750"]
[PlyCount "81"]
[EventDate "2009.08.05"]
[EventType "tourn"]
[EventRounds "7"]
[EventCountry "BRA"]
[SourceTitle "EXT 2019"]
[Source "ChessBase"]
[SourceDate "2018.10.10"]
[SourceVersion "1"]
[SourceVersionDate "2018.10.10"]
[SourceQuality "1"]

1. e4 e5 2. Nf3 Nc6 3. Bb5 a6 4. Bxc6 dxc6 5. 0-0 Bd6 6. d4 Bg4 7. dxe5 Bxf3 8. Qxf3 Bxe5 9. Rd1 Qf6 10. Qxf6 Nxf6 11. f3 0-0 12. Nc3 Rad8 13. Be3 Rxd1+ 14. Rxd1 Bxc3 15. bxc3 Re8 16. Bf4 Rc8 17. Bxc7 Kf8 18. Be5 Ke7 19. Kf2 Ke6 20. Bxf6 Kxf6 21. Rd7 Rb8 22. Ke3 Ke6 23. Rc7 h5 24. h4 g6 25. f4 a5 26. c4 Rd8 27. Rxb7 Rd1 28. Rc7 Re1+ 29. Kd3 Rg1 30. Rxc6+ Kd7 31. Rf6 Ke7 32. Ra6 Rxg2 33. Rxa5 Rg4 34. Ra7+ Kf8 35. c5 Rxf4 36. c6 Rf6 37. Ra8+ Ke7 38. c7 Rd6+ 39. Ke3 Rc6 40. c8Q Rxc8 41. Rxc8 1-0

[Event "BRA-ch Seniors 22nd"]
[Site "Penha"]
[Date "2009.08.07"]
[Round "4"]
[White "Segal, Alexandru Sorin"]
[Black "Lucena, Lincoln"]
[Result "0-1"]
[WhiteElo "2210"]
[BlackElo "2220"]
[PlyCount "106"]
[EventDate "2009.08.05"]
[EventType "tourn"]
[EventRounds "7"]
[EventCountry "BRA"]
[SourceTitle "EXT 2019"]
[Source "ChessBase"]
[SourceDate "2018.10.10"]
[SourceVersion "1"]
[SourceVersionDate "2018.10.10"]
[SourceQuality "1"]

1. d4 e6 2. Nf3 d5 3. Bf4 c5 4. c3 Nf6 5. e3 Be7 6. Nbd2 Nbd7 7. Bd3 b6 8. Ne5 Nxe5 9. Bxe5 0-0 10. 0-0 Bb7 11. Qc2 g6 12. Bxf6 Bxf6 13. f4 cxd4 14. exd4 Qc7 15. g3 b5 16. Nb3 Bc6 17. Nc5 a5 18. Qe2 b4 19. a3 bxc3 20. bxc3 a4 21. Na6 Qa5 22. Nb4 Bb7 23. Rac1 Rfc8 24. Kg2 Rc7 25. Rc2 Rac8 26. Rfc1 Qb6 27. Qe3 Rxc3 28. Rxc3 Rxc3 29. Rxc3 Bxd4 30. Qe2 Bxc3 31. Nc2 h5 32. h4 Kg7 33. Kh2 Qb2 34. Bb5 Bf6 35. Bd3 Qc1 36. Qe3 Qb2 37. Qc5 d4 38. Qb4 Qb3 39. Qb5 Bd5 40. Qxb3 Bxb3 41. Nb4 Be7 42. Nc2 Bc5 43. Kg2 Kf6 44. Kf2 e5 45. fxe5+ Kxe5 46. Kf3 f5 47. Ke2 Be7 48. Kf3 g5 49. hxg5 Bxg5 50. Nb4 Bc1 51. Nc6+ Kd5 52. Nb4+ Ke6 53. Nc6 Bd5+ 0-1

[Event "BRA-ch Seniors 22nd"]
[Site "Penha"]
[Date "2009.08.06"]
[Round "3"]
[White "Tavares, Diomario"]
[Black "Segal, Alexandru Sorin"]
[Result "0-1"]
[WhiteElo "1788"]
[BlackElo "2210"]
[PlyCount "76"]
[EventDate "2009.08.05"]
[EventType "tourn"]
[EventRounds "7"]
[EventCountry "BRA"]
[SourceTitle "EXT 2019"]
[Source "ChessBase"]
[SourceDate "2018.10.10"]
[SourceVersion "1"]
[SourceVersionDate "2018.10.10"]
[SourceQuality "1"]

1. e4 Nf6 2. Nc3 e5 3. Nf3 Bb4 4. Bd3 d6 5. a3 Ba5 6. b4 Bb6 7. Na4 Bg4 8. Nxb6 axb6 9. Bb2 Nbd7 10. 0-0 Nf8 11. Qe1 Bxf3 12. gxf3 Ne6 13. Kh1 Nh5 14. Rg1 Qf6 15. Qe3 Nhf4 16. Bb5+ Ke7 17. Rg3 h5 18. Bc4 g6 19. Bxe6 Nxe6 20. d4 exd4 21. Qd2 c5 22. c3 h4 23. Rh3 Nf4 24. cxd4 Nxh3 25. Qe3 Qg5 26. Qxg5+ Nxg5 27. d5 Rhc8 28. bxc5 Rxc5 29. Bd4 Rc4 30. Bxb6 h3 31. f4 Rxa3 32. Re1 Nf3 33. Rb1 Rb3 34. Bd8+ Kxd8 35. Ra1 Rcb4 36. Ra8+ Kd7 37. Ra1 Rb1+ 38. Rxb1 Rxb1# 0-1